000 00686nam a2200289Ia 4500
005 20260324150927.0
008 008 260324s9999 xx 000 0 eng d
020 _a9780203833100
037 _aEBOOK
040 _aCRL
040 _beng
040 _cCRL
041 _2eng
041 _aeng
084 _qCRL
100 _aEdward Browne
_91228114
245 2 _aA Persian Anthology (RLE Iran B)
245 0 _bBeing Translations from the Persian
260 _bTaylor and Francis
260 _c1927
365 _a
365 _b230
856 _uhttp://www.taylorfrancis.com/books/9780203833100
942 _cEBOOK
999 _c1838392
_d1838392